000 00471nam a2200157 a 4500
001 000032425
005 20211021125226.0
008 110718s1933 dr 000 0 spa d
040 _aDO-SdBNP
_bspa
_cBNPHU
082 _axxx
_bM358p
100 1 _aMarrero Aristy, Ramón,
_d1913-1959
_922324
245 1 0 _aPerfiles agrestes /
_cRamón Marrero Aristy.
260 _aLa Romana, República Dominicana :
_bImprenta Romana,
_c1933.
300 _a100 p. ;
_c19 cm.
049 _aBNPD
999 _c31916
_d31916